| 000 | 00978nam a2200241 a 4500 | ||
|---|---|---|---|
| 001 | 80281 | ||
| 003 | BD-RjUL | ||
| 005 | 20220901114616.0 | ||
| 008 | 220901s2016 bg a|||| m||| 00| 0 eng d | ||
| 035 | _a(BD-RjUL)80281 | ||
| 040 |
_aBD-RjUL _beng _cBD-RjUL _dBD-RjUL |
||
| 041 | _aeng | ||
| 082 |
_223 _a332.0965492 _bPAR 2016 |
||
| 100 |
_aParvez, S. M. Aslam _94594 |
||
| 245 | 1 | 0 |
_aRole of Investment Corporation of Bangladesh in the Development of Capital Market : _bOpportunities and Challenges / _cS. M. Aslam Pervez _6Supervisor : M. Zainul Abedin |
| 260 |
_aRajshahi : _bInstitute of Bangladesh Studies,University Of Rajshahi, _c2016 |
||
| 300 |
_a[2], xxii, 223 leaves : _bill.; _c29 cm. |
||
| 502 | _aThesis (Ph. D.) -- Institute of Bangladesh Studies,University of Rajshahi,2016 | ||
| 504 | _aBibliography : Leaves 208-216 | ||
| 650 |
_aFinancial Institutions _xCapital Market _zBangladesh _94595 |
||
| 700 |
_aAbedin, M. Zainul, Supervisor _91323 |
||
| 942 |
_2ddc _cTHE |
||
| 999 |
_c80281 _d80281 |
||